Nový Pomocník z matematiky pre 8. ročník ZŠ a 3. ročník GOŠ 2. zošit

Bibliographic Details
Main Authors: Kohanová, Iveta (Author), Porkertová, Monika (Author)
Other Authors: Csiba, Viktor (Illustrator)
Format: Book
Language:Slovak
PhysicalDescription:80 strán farebné ilustrácie 30 cm
Published: Bratislava Orbis Pictus Istropolitana 2020
ISBN:9788081207754
Edition:[5. vydanie]
Subjects:

MARC

LEADER 00000cam a2200000 b4500
001 vtls012020809
003 SK-MaSNL
005 20260301150727.0
008 210906s2020 xo al crp 000 0 slo
015 |a SNBA2021/05 
020 |a 9788081207754  |q (brožované) 
035 |a urn:nbn:sk:snk-am00fhc2 
035 |a urn:nbn:sk:snk-am3iv72 
035 |a 1C7F76C4-28F1-47B9-8A52-B005D41C7294 
040 |a SNK  |b slo  |c SNK  |e rda 
041 0 |a slo 
044 |a xo  |c SK 
072 7 |a 51  |x Matematika  |2 konspekt 
072 7 |a 37.016  |x Učebné osnovy. Vyučovacie predmety. Učebnice  |2 konspekt 
080 |a 51  |2 2011 
080 |a 514  |2 2011 
080 |a 744.43  |2 2011 
080 |a (075.2)  |2 2011 
080 |a (075.3)  |2 2011 
080 |a (076.1)  |2 2011 
100 1 |a Kohanová, Iveta  |4 aut  |9 153404 
245 1 0 |a Nový Pomocník z matematiky  |b pre 8. ročník ZŠ a 3. ročník GOŠ  |n 2. zošit  |c Iveta Kohanová, Monika Porkertová ; ilustrácie Viktor Csiba 
246 3 4 |a Nový Pomocník 8 - matematika  |n 2. zošit 
250 |a [5. vydanie] 
264 1 |a Bratislava  |b Orbis Pictus Istropolitana  |c 2020 
300 |a 80 strán  |b farebné ilustrácie  |c 30 cm 
336 |a text  |b txt  |2 rdacontent 
337 |a bez média  |b n  |2 rdamedia 
338 |a zväzok  |b nc  |2 rdacarrier 
500 |a Poradie vydania podľa údajov NA ISBN 
521 2 |a Pre 8. ročník ZŠ a 3. ročník GOŠ 
650 0 7 |a matematika  |2 SNKPH  |9 70174 
650 0 7 |a geometria  |2 SNKPH  |9 829 
650 0 7 |a rysovanie  |2 SNKPH  |9 3081 
650 0 7 |a Mathematics  |2 SNKPHeng  |9 265620 
650 0 7 |a Geometry  |2 SNKPHeng  |9 268290 
650 0 7 |a Drawing  |2 SNKPHeng  |9 294896 
655 7 |a učebnice základných škôl  |2 SNKPH  |9 70187 
655 7 |a učebnice stredných škôl  |2 SNKPH  |9 69323 
655 7 |a pracovné zošity  |2 SNKPH  |9 70188 
655 7 |a Textbooks (elementary)  |2 SNKPHeng  |9 276977 
655 7 |a Secondary school textbooks  |2 SNKPHeng  |9 135487 
655 7 |a Activity books  |2 SNKPHeng  |9 302885 
700 1 |a Porkertová, Monika  |4 aut  |9 338898 
700 1 |a Csiba, Viktor  |4 ill  |9 213396 
919 |a 978-80-8120-775-4 
958 |a UC 
999 |c 784439  |d 786369 
952 |a SNK  |b SNK  |y PREZ  |7 0  |p 17A1450963  |o snkSB 96424/2  |i snk2021/2566  |8 0  |0 0  |1 0  |4 0  |d 2021-04-06  |f 1  |l 0  |r 2025-05-19 00:00:00  |w 2026-02-24 
952 |a SNK  |b SNK  |y VYP  |7 0  |p 17A1450964  |o snkSB 96424/2 D1  |i snk2021/2567  |8 0  |0 0  |1 0  |4 0  |d 2021-04-06  |l 0  |r 2026-02-24 01:15:53  |w 2026-02-24